000
00311nam a2200133Ia 4500
008
240624s9999 xx 000 0 und d
041
_a
eng
082
_a
891.43 JOS
100
_a
JOSHI SHARAD
245
_a
TILASM
260
_c
2009
_a
New Delhi
_b
Rajpal and Sons Publishing
300
_a
141 : p.
365
_c
RS
999
_c
17171
_d
17171